<?xml version="1.0" encoding="UTF-8"?>
<record
    xmlns:xsi="http://www.w3.org/2001/XMLSchema-instance"
    xsi:schemaLocation="http://www.loc.gov/MARC21/slim http://www.loc.gov/standards/marcxml/schema/MARC21slim.xsd"
    xmlns="http://www.loc.gov/MARC21/slim">

  <leader>00855nam a2200217 i 4500</leader>
  <controlfield tag="001">2487</controlfield>
  <controlfield tag="003">KOSZ 005</controlfield>
  <controlfield tag="005">20180502142301.0</controlfield>
  <controlfield tag="008">140220s2009    pl     f     |000 0 pol</controlfield>
  <datafield tag="040" ind1=" " ind2=" ">
    <subfield code="c">BPK</subfield>
    <subfield code="d">KOSZ 005/HR</subfield>
  </datafield>
  <datafield tag="080" ind1=" " ind2=" ">
    <subfield code="a">628.4</subfield>
  </datafield>
  <datafield tag="100" ind1="1" ind2=" ">
    <subfield code="a">SZYMA&#x143;SKI, Kazimierz.</subfield>
    <subfield code="d">1996 - .</subfield>
    <subfield code="b">Politechnika Koszali&#x144;ska - Wydzia&#x142; Budownictwa i In&#x17C;ynierii &#x15A;rodowiska,</subfield>
    <subfield code="c">Katedra Gospodarki Odpadami</subfield>
  </datafield>
  <datafield tag="245" ind1=" " ind2=" ">
    <subfield code="a">Gospodarka odpadami komunalnymi :</subfield>
    <subfield code="b">praca zbiorowa.</subfield>
    <subfield code="n">T. 5 /</subfield>
    <subfield code="c">pod red. Kazimierza Szyma&#x144;skiego.</subfield>
  </datafield>
  <datafield tag="260" ind1=" " ind2=" ">
    <subfield code="a">Koszalin :</subfield>
    <subfield code="b">Wydaw. FENIKS,</subfield>
    <subfield code="c">2009.</subfield>
  </datafield>
  <datafield tag="300" ind1=" " ind2=" ">
    <subfield code="a">296 s.</subfield>
  </datafield>
  <datafield tag="500" ind1=" " ind2=" ">
    <subfield code="a">Dane z autopsji.</subfield>
  </datafield>
  <datafield tag="520" ind1=" " ind2=" ">
    <subfield code="a">Praca zbiorowa zawieraj&#x105;ca artyku&#x142;y zgromadzone w czterech rozdzia&#x142;ach : 1. Odpady, 2. Osady &#x15B;ciekowe, 3. Biogaz, 4. Ochrona &#x15B;rodowiska.</subfield>
  </datafield>
  <datafield tag="650" ind1=" " ind2="0">
    <subfield code="a">&#x15A;mieci.</subfield>
  </datafield>
  <datafield tag="650" ind1=" " ind2="0">
    <subfield code="a">Ochrona &#x15B;rodowiska.</subfield>
  </datafield>
  <datafield tag="942" ind1=" " ind2=" ">
    <subfield code="c">KS</subfield>
    <subfield code="2">UKD</subfield>
  </datafield>
  <datafield tag="999" ind1=" " ind2=" ">
    <subfield code="c">2487</subfield>
    <subfield code="d">2487</subfield>
  </datafield>
  <datafield tag="952" ind1=" " ind2=" ">
    <subfield code="0">0</subfield>
    <subfield code="1">0</subfield>
    <subfield code="4">0</subfield>
    <subfield code="7">0</subfield>
    <subfield code="a">BPK</subfield>
    <subfield code="b">BPK</subfield>
    <subfield code="o">94448</subfield>
    <subfield code="y">KS</subfield>
  </datafield>
</record>
